Juan Bosch en Cuba / (Registro nro. 13823)

Detalles MARC
000 -LEADER
fixed length control field 01062nam a2200289 a 4500
001 - CONTROL NUMBER
control field
003 - CONTROL NUMBER IDENTIFIER
control field OSt
005 - DATE AND TIME OF LATEST TRANSACTION
control field 20241120124037.0
008 - FIXED-LENGTH DATA ELEMENTS--GENERAL INFORMATION
fixed length control field 110914s20uu dr 000 0 spa d
040 ## - CATALOGING SOURCE
Original cataloging agency DO-SdBPM
Language of cataloging spa
Transcribing agency BPMSU
082 #4 - DEWEY DECIMAL CLASSIFICATION NUMBER
Classification number 923.27293
Item number B742J
Edition number 22
245 10 - TITLE STATEMENT
Title Juan Bosch en Cuba /
Statement of responsibility, etc. compilador, Luis F. Céspedes Espinosa.
260 ## - PUBLICATION, DISTRIBUTION, ETC. (IMPRINT)
Place of publication, distribution, etc. Santo Domingo :
Name of publisher, distributor, etc. FUNGLODE,
Date of publication, distribution, etc. [200-?]
Name of publisher, distributor, etc.
300 ## - PHYSICAL DESCRIPTION
Extent 375 p. ;
Dimensions 28 cm.
490 0# - SERIES STATEMENT
Series statement Cátedra Juan Bosch
500 ## - GENERAL NOTE
General note A la cabeza de la cubierta : Cátedra Juan Bosch en el Centenario de su Natalicio
590 ## - LOCAL NOTE (RLIN)
Local note Inventariado, 2024/VM
600 14 - SUBJECT ADDED ENTRY--PERSONAL NAME
Personal name Bosch, Juan,
Dates associated with a name 1909-2001
Form subdivision Biografías
600 14 - SUBJECT ADDED ENTRY--PERSONAL NAME
Personal name Bosch, Juan
Dates associated with a name 1909-2001
General subdivision Artículos de prensa
--
600 14 - SUBJECT ADDED ENTRY--PERSONAL NAME
Personal name Bosch, Juan
Dates associated with a name 1909-2001
General subdivision Vida política
651 #4 - SUBJECT ADDED ENTRY--GEOGRAPHIC NAME
Geographic name República Dominicana
General subdivision Historia
Chronological subdivision 1947-
700 1# - ADDED ENTRY--PERSONAL NAME
Personal name Céspede Espinosa, Luis F.
Relator term compilador
710 2# - ADDED ENTRY--CORPORATE NAME
Corporate name or jurisdiction name as entry element Fundación Global Democracia y Desarrollo (República Dominicana)
710 2# - ADDED ENTRY--CORPORATE NAME
Corporate name or jurisdiction name as entry element Universidad de la Habana
Subordinate unit
910 ## - USER-OPTION DATA (OCLC)
User-option data VMateo V. Control de calidad BPMSU
942 ## - ADDED ENTRY ELEMENTS (KOHA)
Source of classification or shelving scheme Dewey Decimal Classification
Koha item type Libros
Existencias
Withdrawn status Lost status Source of classification or shelving scheme Damaged status Not for loan Collection code Home library Current library Date acquired Total Checkouts Full call number Barcode Date last seen Copy number Price effective from Koha item type
    Dewey Decimal Classification     Colección Dominicana Biblioteca Pública Metropolitana Salomé Ureña Biblioteca Pública Metropolitana Salomé Ureña 10/26/2021   BPMSU CD 923.27293 B742J BPMSU21100152 10/26/2021 2021-10-05 10/26/2021 Libros